000 01548cam a2200385 i 4500
999 _c128155
_d128155
001 19274305
003 ARRUPE
005 20180914104243.0
008 160914s2016 onca b 001 0 eng
010 _a 2016286079
016 _a20169007405
020 _a9780199020904
_q(paperback)
020 _a0199020906
_q(paperback)
035 _a(OCoLC)ocn936978712
040 _aNLC
_beng
_cNLC
_erda
_dOCLCO
_dYDXCP
_dOCLCF
_dBDX
_dBTCTA
_dCDX
_dOCLCQ
_dLTSCA
_dOCLCO
_dOCL
_dVMC
_dDLC
042 _alccopycat
050 0 0 _aLB2395
_b.O34 2016
082 0 4 _a378.1/70281
_223
100 1 _aObhi, Sukhvinder S,
_eauthor.
_942161
245 1 0 _aSuccess in seminars & tutorials :
_ba guide for social science students /
_cSukhvinder S. Obhi.
246 3 _aSuccess in seminars and tutorials
260 _aOntario
_bOxford University Press
_c2016
300 _avii, 200 pages :
_billustrations ;
_c22 cm
504 _aIncludes bibliographical references and index.
650 0 _aStudy skills.
_942162
650 0 _aSocial sciences
_xStudy and teaching.
_942163
906 _a7
_bcbc
_ccopycat
_d2
_encip
_f20
_gy-gencatlg
942 _2lcc
_cMONOGRAPH